[Event "Euskadi-chT (Vasca) Div Honor"]
[Site "Bergara"]
[Date "2016.01.16"]
[Round "2.1"]
[White "Arnaez Gil, Juan Ignacio"]
[Black "Rada Equiza, Miguel"]
[Result "1/2-1/2"]
[WhiteElo "2173"]
[BlackElo "2284"]
[PlyCount "69"]
[EventDate "2016.01.09"]
[EventType "team-tourn"]
[EventRounds "9"]
[EventCountry "ESP"]
[SourceTitle "EXT 2024"]
[Source "ChessBase"]
[SourceDate "2023.10.10"]
[SourceVersion "1"]
[SourceVersionDate "2023.10.10"]
[SourceQuality "1"]

1. c4 e5 2. Nf3 d6 3. d4 Nd7 4. g3 Be7 5. Bg2 Ngf6 6. 0-0 0-0 7. Nc3 c6 8. h3 Re8 9. e4 Qc7 10. Re1 Nf8 11. Be3 a6 12. Rc1 b6 13. b4 a5 14. a3 N8d7 15. b5 Bb7 16. bxc6 Bxc6 17. Nd5 Bxd5 18. cxd5 Qb7 19. Nh4 Rac8 20. Nf5 Bf8 21. f4 g6 22. Nxd6 Bxd6 23. fxe5 Nxe5 24. dxe5 Bxe5 25. Bf4 Rxc1 26. Qxc1 Qb8 27. Qc6 Nh5 28. d6 Nxf4 29. d7 Rd8 30. gxf4 Bxf4 31. e5 Bxe5 32. Qd5 Qc7 33. Rxe5 Rxd7 34. Re8+ Kg7 35. Qe5+ 1/2-1/2

[Event "Vasco-chT"]
[Site "Pais Vasco"]
[Date "2009.01.17"]
[Round "2.2"]
[White "Rada Equiza, Miguel"]
[Black "Ruiz Gomez, Alejandro"]
[Result "1-0"]
[WhiteElo "2279"]
[BlackElo "2363"]
[PlyCount "86"]
[EventDate "2009.01.10"]
[EventType "team-tourn"]
[EventRounds "9"]
[EventCountry "ESP"]
[SourceTitle "EXT 2010"]
[Source "ChessBase"]
[SourceDate "2010.11.25"]
[SourceVersion "1"]
[SourceVersionDate "2010.11.25"]
[SourceQuality "1"]

1. e4 c6 2. d4 d5 3. e5 Na6 4. c3 Bf5 5. Ne2 Nc7 6. Ng3 Bg6 7. Be2 Qd7 8. Nd2 e6 9. Ndf1 0-0-0 10. Ne3 f6 11. f4 Kb8 12. 0-0 Nh6 13. b4 Be7 14. Bd3 Rhf8 15. Bxg6 hxg6 16. Qd3 f5 17. Nc2 Nf7 18. a4 Rh8 19. Bd2 a6 20. Rfb1 Rh4 21. Ne1 Rdh8 22. Nf3 Rg4 23. Nh1 g5 24. h3 Rxf4 25. Bxf4 gxf4 26. Nf2 g5 27. Nd2 Nh6 28. Nb3 b6 29. Nd2 g4 30. hxg4 Nxg4 31. Nxg4 fxg4 32. Qg6 f3 33. Rf1 Qd8 34. Qxg4 fxg2 35. Rfe1 Bg5 36. Nf3 Rg8 37. Qh3 Bf4 38. Ra2 Rg3 39. Qh5 Qf8 40. Rxg2 Kb7 41. Rxg3 Bxg3 42. Rf1 Qf4 43. Kg2 c5 1-0

[Event "FRA-chT2 South 0809"]
[Site "France"]
[Date "2008.12.14"]
[Round "4.2"]
[White "Rada Equiza, Miguel"]
[Black "Duluc, Jeremie"]
[Result "1-0"]
[WhiteElo "2263"]
[BlackElo "2171"]
[PlyCount "71"]
[EventDate "2008.10.12"]
[EventType "team-tourn"]
[EventRounds "11"]
[EventCountry "FRA"]
[SourceTitle "EXT 2010"]
[Source "ChessBase"]
[SourceDate "2010.11.25"]
[SourceVersion "1"]
[SourceVersionDate "2010.11.25"]
[SourceQuality "1"]
[WhiteTeam "Condom"]
[BlackTeam "Clermont Ferrand"]
[WhiteTeamCountry "FRA"]
[BlackTeamCountry "FRA"]

1. e4 d5 2. exd5 Qxd5 3. Nc3 Qd6 4. d4 c6 5. Be2 Bf5 6. Nf3 e6 7. 0-0 Nf6 8. Nh4 Bg6 9. Nxg6 hxg6 10. g3 Qc7 11. Bf4 Bd6 12. Bxd6 Qxd6 13. Bf3 0-0 14. Ne4 Nxe4 15. Bxe4 Nd7 16. c3 Rad8 17. Qb3 Qc7 18. Rad1 Nf6 19. Bf3 Rd7 20. Rfe1 Rfd8 21. h4 Qb6 22. Qc2 Qa5 23. Kg2 a6 24. a3 Qf5 25. Qc1 Nd5 26. Re5 Qf6 27. Rde1 Kf8 28. Qc2 Ne7 29. Qe4 Rd5 30. Qe2 R5d7 31. Qe4 Rd5 32. Qe2 R5d7 33. Be4 Nf5 34. h5 gxh5 35. Bxf5 exf5 36. Re8+ 1-0

[Event "Pamplona-B 18th"]
[Site "Pamplona"]
[Date "2008.12.01"]
[Round "1"]
[White "Rada Equiza, Miguel"]
[Black "Marholev, Dimitar"]
[Result "1/2-1/2"]
[WhiteElo "2263"]
[BlackElo "2421"]
[PlyCount "24"]
[EventDate "2008.12.01"]
[EventType "tourn"]
[EventRounds "9"]
[EventCountry "ESP"]
[EventCategory "4"]
[SourceTitle "EXT 2024"]
[Source "ChessBase"]
[SourceDate "2023.10.10"]
[SourceVersion "1"]
[SourceVersionDate "2023.10.10"]
[SourceQuality "1"]

1. e4 e5 2. Nf3 Nc6 3. d4 exd4 4. Nxd4 Bc5 5. Be3 Qf6 6. Nb5 Bxe3 7. fxe3 Qd8 8. Qg4 Kf8 9. N1c3 d6 10. Qg3 a6 11. Nd4 Ne5 12. 0-0-0 Nf6 1/2-1/2

[Event "ESP-chT CECLUB Norte Div 1"]
[Site "Sabadell"]
[Date "2007.08.15"]
[Round "1"]
[White "Rada Equiza, Miguel"]
[Black "Jansa, Vlastimil"]
[Result "1/2-1/2"]
[WhiteElo "2271"]
[BlackElo "2494"]
[PlyCount "62"]
[EventDate "2007.08.15"]
[EventType "team"]
[EventRounds "6"]
[EventCountry "ESP"]
[SourceTitle "CBM 119 Extra"]
[Source "ChessBase"]
[SourceDate "2007.09.04"]
[SourceVersion "1"]
[SourceVersionDate "2007.09.04"]
[SourceQuality "1"]

1. e4 c5 2. Nf3 e6 3. d4 cxd4 4. Nxd4 Nc6 5. Nc3 a6 6. Be3 Nf6 7. f3 d5 8. exd5 exd5 9. Qd2 Be7 10. 0-0-0 0-0 11. g4 Re8 12. g5 Nh5 13. Rg1 Bb4 14. a3 Bxc3 15. Qxc3 Nxd4 16. Qxd4 Bf5 17. Bd3 Bg6 18. Rge1 Qc7 19. h4 Rad8 20. Kb1 Qg3 21. Bd2 Qxf3 22. Bc3 Bxd3 23. Rxe8+ Rxe8 24. Rxd3 Qe2 25. Qxd5 Nf4 26. Qd4 Ne6 27. Qd7 Rb8 28. Qd6 Rf8 29. Qd7 Qf1+ 30. Ka2 Qg2 31. Re3 Qg3 1/2-1/2

[Event "Condom IM 6th"]
[Site "Condom"]
[Date "2007.07.08"]
[Round "2"]
[White "Rada Equiza, Miguel"]
[Black "Roser, Kevin"]
[Result "0-1"]
[WhiteElo "2271"]
[BlackElo "2408"]
[PlyCount "112"]
[EventDate "2007.07.07"]
[EventType "tourn"]
[EventRounds "9"]
[EventCountry "FRA"]
[EventCategory "4"]
[SourceTitle "CBM 119 Extra"]
[Source "ChessBase"]
[SourceDate "2007.09.04"]
[SourceVersion "1"]
[SourceVersionDate "2007.09.04"]
[SourceQuality "1"]

1. e4 c5 2. Nf3 Nc6 3. Nc3 d6 4. d4 cxd4 5. Nxd4 Nf6 6. f3 e5 7. Nb3 Be7 8. Be3 0-0 9. Qd2 a5 10. Bb5 Na7 11. Be2 Be6 12. Rd1 Nc8 13. Qc1 Qc7 14. Nb5 Qc6 15. c4 a4 16. Nd2 Nb6 17. 0-0 Rfc8 18. g4 Nfd7 19. g5 Bh3 20. Rf2 f6 21. Nf1 f5 22. f4 exf4 23. Nd4 fxe3 24. Qxe3 Qc5 25. Qxh3 Nxc4 26. Nxf5 Bf8 27. Rd5 Qb6 28. Bxc4 Rxc4 29. N1e3 Rxe4 30. Ng4 Rf4 31. Nfe3 Rxf2 32. Nxf2 Re8 33. Qxd7 Qxe3 34. Rf5 Qe1+ 35. Kg2 Qe7 36. Qxa4 g6 37. Qc4+ Kh8 38. Rf7 Qxg5+ 39. Qg4 Qd5+ 40. Qf3 Qxf3+ 41. Kxf3 Be7 42. Ke4 Kg8 43. Rf3 Bf6+ 44. Kd5 Bxb2 45. Kxd6 Ra8 46. Ne4 Rxa2 47. Rb3 Bg7 48. Rxb7 Rxh2 49. Ke7 Bf8+ 50. Kd8 Bg7 51. Ke7 Be5 52. Ke6 Ba1 53. Ra7 Re2 54. Kd5 Bb2 55. Ra2 Kg7 56. Ng5 Re5+ 0-1

[Event "ESP-ch Student"]
[Site "Cartagena"]
[Date "2007.05.10"]
[Round "9"]
[White "Pascual Palomo, Lucia"]
[Black "Rada Equiza, Miguel"]
[Result "0-1"]
[WhiteElo "2112"]
[BlackElo "2261"]
[PlyCount "36"]
[EventDate "2007.05.06"]
[EventType "swiss"]
[EventRounds "9"]
[EventCountry "ESP"]
[SourceTitle "CBM 118 Extra"]
[Source "ChessBase"]
[SourceDate "2007.07.04"]
[SourceVersion "1"]
[SourceVersionDate "2007.07.04"]
[SourceQuality "1"]

1. e4 e5 2. Nf3 Nc6 3. d4 exd4 4. Nxd4 Bc5 5. Be3 Bb6 6. Bc4 d6 7. 0-0 Nf6 8. f3 0-0 9. Nc3 Ne5 10. Bb3 c5 11. Na4 cxd4 12. Nxb6 Qxb6 13. Bxd4 Qd8 14. f4 Nc6 15. e5 dxe5 16. fxe5 Qxd4+ 17. Qxd4 Nxd4 18. exf6 Nxb3 0-1

[Event "ESP-ch Student"]
[Site "Cartagena"]
[Date "2007.05.09"]
[Round "8"]
[White "Rada Equiza, Miguel"]
[Black "Garcia Brion, Eduardo"]
[Result "0-1"]
[WhiteElo "2261"]
[BlackElo "2157"]
[PlyCount "48"]
[EventDate "2007.05.06"]
[EventType "swiss"]
[EventRounds "9"]
[EventCountry "ESP"]
[SourceTitle "CBM 118 Extra"]
[Source "ChessBase"]
[SourceDate "2007.07.04"]
[SourceVersion "1"]
[SourceVersionDate "2007.07.04"]
[SourceQuality "1"]

1. e4 e5 2. Nf3 Nc6 3. Bb5 f5 4. Bxc6 dxc6 5. Nc3 Nf6 6. Qe2 Bd6 7. 0-0 fxe4 8. Nxe4 0-0 9. d3 Qe8 10. Nxf6+ Rxf6 11. Ng5 Qg6 12. Ne4 Rf5 13. Ng3 Rf7 14. Qe4 Qf6 15. Be3 Bd7 16. a3 a5 17. Rae1 Re8 18. c3 Qe6 19. Rb1 Qb3 20. d4 exd4 21. Qxd4 c5 22. Qh4 Bc6 23. Rfd1 Qc2 24. Qh5 Rxe3 0-1

[Event "ESP-ch Student"]
[Site "Cartagena"]
[Date "2007.05.07"]
[Round "1"]
[White "Vila Callejo, Emma"]
[Black "Rada Equiza, Miguel"]
[Result "0-1"]
[WhiteElo "2030"]
[BlackElo "2261"]
[PlyCount "58"]
[EventDate "2007.05.06"]
[EventType "swiss"]
[EventRounds "9"]
[EventCountry "ESP"]
[SourceTitle "CBM 118 Extra"]
[Source "ChessBase"]
[SourceDate "2007.07.04"]
[SourceVersion "1"]
[SourceVersionDate "2007.07.04"]
[SourceQuality "1"]

1. e4 e5 2. Nf3 Nc6 3. Nc3 Nf6 4. g3 d5 5. exd5 Nxd5 6. Bg2 Nxc3 7. bxc3 Bc5 8. d3 h6 9. 0-0 0-0 10. Re1 Qf6 11. Be3 Bb6 12. h3 Be6 13. Nd2 Rad8 14. Qh5 Qe7 15. Bxc6 bxc6 16. Qxe5 Qd7 17. d4 Bxh3 18. Qh5 Bg4 19. Qh4 Bf5 20. Nc4 f6 21. Re2 Bg4 22. f3 Bxf3 23. Rh2 h5 24. Nd2 Bg4 25. Rf2 Rde8 26. Bf4 c5 27. Nf3 cxd4 28. cxd4 Bxf3 29. Rxf3 Bxd4+ 0-1

[Event "FRA-chT2 South 0607"]
[Site "France"]
[Date "2007.03.18"]
[Round "9.1"]
[White "Rada Equiza, Miguel"]
[Black "Hoogland, Dirk"]
[Result "1/2-1/2"]
[WhiteElo "2257"]
[BlackElo "2183"]
[PlyCount "94"]
[EventDate "2006.10.15"]
[EventType "team"]
[EventRounds "11"]
[EventCountry "FRA"]
[SourceTitle "EXT 2008"]
[Source "ChessBase"]
[SourceDate "2007.11.25"]
[SourceVersion "1"]
[SourceVersionDate "2007.11.25"]
[SourceQuality "1"]
[WhiteTeam "Condom"]
[BlackTeam "Ales ASPTT"]
[WhiteTeamCountry "FRA"]
[BlackTeamCountry "FRA"]

1. e4 e5 2. Nf3 Nc6 3. Bb5 Nf6 4. d3 d6 5. h3 Bd7 6. 0-0 Be7 7. c3 0-0 8. Nbd2 a6 9. Ba4 b5 10. Bc2 Re8 11. Re1 Bf8 12. a3 Ne7 13. Nf1 c5 14. Ng3 Ng6 15. Nf5 Rc8 16. g4 Bc6 17. g5 Nd7 18. c4 Nb6 19. b3 Ne7 20. Ne3 Bd7 21. Kh2 Nc6 22. Nd5 Nd4 23. Nxb6 Qxb6 24. Nxd4 cxd4 25. Bd2 Qc7 26. Rc1 d5 27. cxd5 Bxa3 28. Re2 Bxc1 29. Bxc1 b4 30. Kg3 f5 31. gxf6 gxf6 32. f4 Kh8 33. f5 Rg8+ 34. Kh2 Be8 35. Qe1 Qg7 36. Qf2 Bh5 37. Rd2 Rc7 38. Bb2 Qg5 39. Bd1 Bxd1 40. Rxd1 Rcg7 41. Bc1 Qg2+ 42. Qxg2 Rxg2+ 43. Kh1 Rc2 44. Bh6 Rg3 45. Bf8 Rxh3+ 46. Kg1 a5 47. d6 Rg3+ 1/2-1/2

[Event "Brno DS IM"]
[Site "Brno"]
[Date "2006.07.03"]
[Round "5"]
[White "Rada Equiza, Miguel"]
[Black "Nabaty, Tamir"]
[Result "1-0"]
[WhiteElo "2242"]
[BlackElo "2156"]
[PlyCount "73"]
[EventDate "2006.06.30"]
[EventType "tourn"]
[EventRounds "11"]
[EventCountry "CZE"]
[EventCategory "2"]
[SourceTitle "CBM 113 Extra"]
[Source "ChessBase"]
[SourceDate "2006.09.14"]
[SourceVersion "1"]
[SourceVersionDate "2006.09.14"]
[SourceQuality "1"]

1. e4 e5 2. Nf3 Nc6 3. Nc3 Nf6 4. d4 exd4 5. Nxd4 Bb4 6. Nxc6 bxc6 7. Qd4 Qe7 8. f3 d5 9. Bg5 dxe4 10. Bxf6 Bxc3+ 11. Qxc3 Qxf6 12. Qxf6 gxf6 13. fxe4 Ke7 14. Bd3 Be6 15. 0-0 c5 16. b3 h5 17. Rf2 Rh6 18. Re1 Rg8 19. e5 Rg5 20. exf6+ Rxf6 21. Re4 Rxf2 22. Kxf2 f5 23. Ra4 Kd6 24. Rxa7 Bd5 25. g3 h4 26. Ra4 hxg3+ 27. hxg3 Ke5 28. Rf4 Rh5 29. Rh4 Rg5 30. a4 Bb7 31. a5 Rg6 32. Rc4 Bd5 33. Rxc5 Kd4 34. Rb5 c5 35. Rb6 Rg5 36. Rh6 f4 37. Rh4 1-0

[Event "Brno DS IM"]
[Site "Brno"]
[Date "2006.07.01"]
[Round "2"]
[White "Vyskocil, Neklan"]
[Black "Rada Equiza, Miguel"]
[Result "1-0"]
[WhiteElo "2307"]
[BlackElo "2242"]
[PlyCount "59"]
[EventDate "2006.06.30"]
[EventType "tourn"]
[EventRounds "11"]
[EventCountry "CZE"]
[EventCategory "2"]
[SourceTitle "CBM 113 Extra"]
[Source "ChessBase"]
[SourceDate "2006.09.14"]
[SourceVersion "1"]
[SourceVersionDate "2006.09.14"]
[SourceQuality "1"]

1. c4 e5 2. Nc3 Nc6 3. g3 f5 4. Bg2 Nf6 5. d3 Bc5 6. e3 0-0 7. Nge2 d6 8. 0-0 Ne7 9. d4 Bb6 10. b4 c6 11. c5 exd4 12. Qb3+ d5 13. cxb6 dxc3 14. bxa7 Ne4 15. Nxc3 Ng6 16. Nxe4 fxe4 17. Bb2 Rf7 18. f3 exf3 19. Rxf3 Rxf3 20. Bxf3 Rxa7 21. e4 Be6 22. Rd1 Ne7 23. Qc3 Qf8 24. Rf1 Bf7 25. Bg4 b5 26. e5 d4 27. Qxd4 c5 28. bxc5 Ra4 29. Qd6 Qe8 30. Be6 1-0

[Event "Pamplona op"]
[Site "Pamplona"]
[Date "2005.12.27"]
[Round "6"]
[White "Llorente Zaro, Alfonso"]
[Black "Rada Equiza, Miguel"]
[Result "1-0"]
[WhiteElo "2324"]
[BlackElo "2216"]
[PlyCount "81"]
[EventDate "2005.12.23"]
[EventType "swiss"]
[EventRounds "9"]
[EventCountry "ESP"]
[SourceTitle "CBM 110 Extra"]
[Source "ChessBase"]
[SourceDate "2006.03.10"]
[SourceVersion "2"]
[SourceVersionDate "2006.03.10"]
[SourceQuality "1"]

1. d4 Nf6 2. c4 c5 3. d5 e6 4. Nc3 exd5 5. cxd5 d6 6. Nf3 g6 7. g3 Bg7 8. Bg2 0-0 9. 0-0 Re8 10. Nd2 a6 11. a4 Nbd7 12. e4 Rb8 13. Nc4 Nb6 14. Ne3 Bd7 15. Qd3 Nc8 16. a5 Bb5 17. Nxb5 axb5 18. Qxb5 Nxe4 19. Nc4 f5 20. Re1 h6 21. Be3 Re7 22. Re2 b6 23. Rae1 Na7 24. Qa6 b5 25. Nb6 Qc7 26. h4 Rbe8 27. Kf1 Kh7 28. Bf4 Bd4 29. f3 Nf2 30. Rxe7+ Rxe7 31. Re6 Nd3 32. Na8 Rxe6 33. dxe6 Qe7 34. Qxd6 Qxd6 35. Bxd6 Nc8 36. Bc7 Nb4 37. Nb6 Ne7 38. Bd6 Nbc6 39. f4 c4 40. Bxc6 Nxc6 41. e7 1-0

[Event "ESP-chT Premier North"]
[Site "Barcelona"]
[Date "2005.08.11"]
[Round "1"]
[White "Rada Equiza, Miguel"]
[Black "Marin, Mihail"]
[Result "1/2-1/2"]
[WhiteElo "2236"]
[BlackElo "2537"]
[PlyCount "108"]
[EventDate "2005.08.01"]
[EventType "team"]
[EventRounds "6"]
[EventCountry "ESP"]
[SourceTitle "CBM 107 Extra"]
[Source "ChessBase"]
[SourceDate "2005.09.01"]
[SourceVersion "1"]
[SourceVersionDate "2005.09.01"]
[SourceQuality "1"]

1. e4 e5 2. Nf3 Nc6 3. d4 exd4 4. Nxd4 d6 5. Nc3 Nf6 6. Nxc6 bxc6 7. Bd3 g6 8. 0-0 Bg7 9. h3 0-0 10. f4 Nd7 11. Be3 a5 12. Qd2 Ba6 13. Rf2 Qb8 14. Raf1 Bxd3 15. cxd3 f5 16. g4 Qb4 17. gxf5 gxf5 18. Rg2 Kh8 19. a3 Qb3 20. Ne2 Qxb2 21. Qxb2 Bxb2 22. Nd4 Rg8 23. Rff2 Bxa3 24. Nxf5 Bc5 25. d4 Bb6 26. Nh6 Rxg2+ 27. Rxg2 Rf8 28. Kh2 a4 29. f5 a3 30. Bg5 Bxd4 31. Be7 a2 32. Rxa2 Rb8 33. Kg3 Kg7 34. Ng4 h5 35. Nh2 Kf7 36. Bg5 Be5+ 37. Kh4 Rb4 38. Kxh5 Bxh2 39. Rxh2 Rxe4 40. Ra2 Nf6+ 41. Bxf6 Kxf6 42. Ra7 c5 43. Rxc7 c4 44. Rc6 Rd4 45. h4 Kxf5 46. Rxd6 Rd3 47. Rc6 c3 48. Kh6 Ke5 49. Rc8 Kd4 50. h5 Rg3 51. Kh7 Rg5 52. h6 Rc5 53. Rxc5 Kxc5 54. Kg8 c2 1/2-1/2

[Event "Brno DS"]
[Site "Brno"]
[Date "2005.07.10"]
[Round "11"]
[White "Rada Equiza, Miguel"]
[Black "Pridal, Ondrej"]
[Result "1-0"]
[WhiteElo "2230"]
[BlackElo "2178"]
[PlyCount "57"]
[EventDate "2005.06.30"]
[EventType "tourn"]
[EventRounds "11"]
[EventCountry "CZE"]
[EventCategory "2"]
[SourceTitle "CBM 107 Extra"]
[Source "ChessBase"]
[SourceDate "2005.09.01"]
[SourceVersion "1"]
[SourceVersionDate "2005.09.01"]
[SourceQuality "1"]

1. e4 d5 2. exd5 Nf6 3. d4 Nxd5 4. c4 Nb6 5. Nf3 Bg4 6. c5 N6d7 7. h3 Bh5 8. Nc3 Nc6 9. Be3 e6 10. Bb5 Be7 11. Qa4 Bxf3 12. gxf3 Ncb8 13. Rg1 c6 14. Be2 g6 15. Bh6 Nf6 16. 0-0-0 Nbd7 17. f4 Nd5 18. f5 gxf5 19. Nxd5 cxd5 20. Rde1 Bf6 21. Bh5 Qe7 22. Kb1 0-0-0 23. Bf4 a6 24. Bd6 Qe8 25. Qa5 Nb6 26. Qxb6 Rd7 27. Qa7 Rc7 28. Qa8+ Kd7 29. Qxe8+ 1-0

[Event "Brno DS"]
[Site "Brno"]
[Date "2005.07.02"]
[Round "3"]
[White "Rada Equiza, Miguel"]
[Black "Bartos, Jan"]
[Result "1-0"]
[WhiteElo "2230"]
[BlackElo "2293"]
[PlyCount "95"]
[EventDate "2005.06.30"]
[EventType "tourn"]
[EventRounds "11"]
[EventCountry "CZE"]
[EventCategory "2"]
[SourceTitle "CBM 107 Extra"]
[Source "ChessBase"]
[SourceDate "2005.09.01"]
[SourceVersion "1"]
[SourceVersionDate "2005.09.01"]
[SourceQuality "1"]

1. e4 e5 2. Bc4 Nf6 3. d3 c6 4. Nf3 d5 5. Bb3 Bd6 6. Nc3 dxe4 7. Ng5 0-0 8. Ncxe4 Nxe4 9. Nxe4 Bf5 10. Ng3 Bg6 11. h4 h6 12. Qg4 Kh8 13. h5 Bh7 14. Nf5 Bxf5 15. Qxf5 Qd7 16. Qh3 Qxh3 17. Rxh3 Na6 18. a3 Nc5 19. Ba2 Rae8 20. Be3 f5 21. 0-0-0 f4 22. Bd2 e4 23. b4 Ne6 24. dxe4 Nd4 25. Rd3 Rxe4 26. f3 Ne2+ 27. Kb1 Rd4 28. Rxd4 Nxd4 29. Bc3 Ne2 30. Bxg7+ Kxg7 31. Rxd6 Nc3+ 32. Kb2 Nxa2 33. Kxa2 Rf7 34. a4 Kh7 35. Kb3 Rg7 36. Rf6 Rxg2 37. Rxf4 Kg7 38. Rd4 Rg3 39. Rd7+ Kf6 40. Rxb7 Rxf3+ 41. Kc4 Rf5 42. Rxa7 Rxh5 43. Rc7 Ke6 44. Rxc6+ Kd7 45. Rc5 Rh1 46. a5 h5 47. a6 Ra1 48. Kb5 1-0

[Event "ESP-ch U20"]
[Site "Mondariz"]
[Date "2003.07.22"]
[Round "3.15"]
[White "Alvarez Vila, Aroa"]
[Black "Rada Equiza, Miguel"]
[Result "1-0"]
[WhiteElo "2095"]
[BlackElo "2170"]
[PlyCount "45"]
[EventDate "2003.06.22"]
[EventType "swiss"]
[EventRounds "8"]
[EventCountry "ESP"]
[SourceTitle "EXT 2004"]
[Source "ChessBase"]
[SourceDate "2003.11.25"]
[SourceVersion "1"]
[SourceVersionDate "2003.11.25"]
[SourceQuality "1"]

1. e4 e5 2. Nf3 Nc6 3. d4 exd4 4. Nxd4 Bc5 5. Be3 Qf6 6. c3 Qg6 7. f3 Nge7 8. Qd2 0-0 9. Nb5 Bxe3 10. Qxe3 d5 11. Nxc7 Rb8 12. exd5 Bf5 13. dxc6 Nxc6 14. Nd2 a6 15. Qf4 Bc2 16. Nd5 Rfe8+ 17. Ne3 Rbd8 18. Rc1 Ne5 19. Ndc4 Nxc4 20. Bxc4 Bd3 21. Kf2 Bxc4 22. Nxc4 Qd3 23. Rhe1 1-0